Wszechswiat: Systemy gwiezdne - Planety - Galaktyki (Запис № 463620)

МАРК-запис
000 -Лідер
fixed length control field 01545 a2200253 4500
001 - Контрольний номер
control field 216219481
003 - Ідентифікатор контрольного номера
control field UA-OsUOA
005 - Дата та час останнього входження (трансакції)
control field 20201019143158.0
008 - Елементи даних фіксованої довжини – загальна інформація
fixed length control field 201019b pl ao||g |||| 00| | pol d
020 ## - Міжнародний стандартний книжковий номер (ISBN)
Міжнародний стандартний книжковий номер (ISBN) (НП) 9783625120506
040 ## - Джерело каталогізації
Агенція оригінальної каталогізації UA-OsUOA
Мова каталогізації ukr
Агенція, яка здійснювала перезапис UA-OsUOA
Агенція, яка здійснювала модифікацію UA-OsUOA
041 ## - Код мови
Код мови тексту/ звукової доріжки чи окремого заголовка (П) pol
080 ## - Індекс Універсальної десяткової класифікації
Індекс Універсальної десяткової класифікації (УДК) (НП) 030
090 ## - Локальний шифр розміщення
Класифікаційний індекс УДК 030
Авторський знак (НП) W91
245 ## - Відомості про назву
Назва (НП) Wszechswiat: Systemy gwiezdne - Planety - Galaktyki
Дані про відповідальність (НП) tłumaczenie Andrzeja Szukała
260 ## - Публікація, розповсюдження і т.п. (Вихідні дані)
Ім’я/ наймення видавництва, розповсюджувача і т.п. (П) NGV
Місце публікації, розповсюдження і т.п. (П) Kolonia
300 ## - Фізичний опис
Обсяг 96 s.
520 ## - Резюме і т.п.
Резюме, реферат, анотація, тощо (НП) Jak powstal nasz Uklad Sloneczny? Na czym polega zacmienie Slonca? Co to jest supernowa?<br/>Oto przykladowe pytania, na które mlody Czytelnik znajdzie odpowiedz w tej ksiazce. Zawarte w niej wiadomosci wyjasniaja na przyklad, czym byl Wielki Wybuch i do czego doprowadzil, a takze pozwalaja zrozumiec najbardziej skomplikowane zjawiska astronomiczne.<br/>Dzieki opisom planet, meteorów, gwiazd czy znaków zodiaku bezkresne niebo okaze sie mniej zagadkowe, a kosmos o wiele blizszy i wyjatkowo pasjonujacy.<br/>Liczne barwne i szczególowe ilustracje przedstawiajace pogladowo wszystkie omawiane zagadnienia - od budowy Slonca i planet, poprzez rotacje Drogi Mlecznej az po energie gwiezdna - ulatwiaja poznanie skomplikowanej, a przy tym niezwykle interesujacej wiedzy o Wszechswiecie.
650 ## - Додаткове предметне введення – тематичний термін
Джерело заголовка чи терміна UDC
Тематичний термін чи географічна назва, як елемент введення (НП) 030 Універсальні довідкові видання
700 1# - Додаткове введення – ім'я особи
Ім’я особи (НП) Szukała Andrzej
942 ## - Додаткові елементи входу (Коха)
Тип елемента Koha Книги
Source of classification or shelving scheme Universal Decimal Classification
955 ## - Код типу видання за змістом
Код типу видання за змістом (НП) Довідкові видання
Фонди
Стан вилучень Стан втрат Джерело класифікації або схеми стелажів Стан уражень Не для кредиту Постійне місце розташування Поточне розміщення Дата придбання Джерело придбання Вартість, звичайна ціна покупки Усього замовленно Повний номер виклику Штрих-код Дата останнього перегляду Вартість, ціна заміни Ціна ефективна від Тип елемента Koha
    Universal Decimal Classification     ВІЛ - Відділ іноземн. літератури НБ ВІЛ - Відділ іноземн. літератури НБ 19/10/2020 №11/2020 20.00   030 W91 217208 09/12/2021 20.00 19/10/2020 Книги